The Norton book of classical literature

Tallennettuna:
Bibliografiset tiedot
Aineistotyyppi: Kirja
Kieli:Undetermined
Julkaistu: New York W. W. Norton 1993
Aiheet:
Tagit: Lisää tagi
Ei tageja, Lisää ensimmäinen tagi!
Thư viện lưu trữ: Trung tâm Học liệu Trường Đại học Cần Thơ
LEADER 00423nam a2200145Ia 4500
001 CTU_32636
008 210402s9999 xx 000 0 und d
082 |a 880.09 
082 |b N883 
245 4 |a The Norton book of classical literature 
260 |a New York 
260 |b W. W. Norton 
260 |c 1993 
650 |a classical literature - translations into englsh 
980 |a Trung tâm Học liệu Trường Đại học Cần Thơ